Cómo escribir trabajos de investigación

Shranjeno v:
Bibliografske podrobnosti
Glavni avtor: Walker, Melissa (Author)
Format: Knjiga
Jezik:španščina
Izdano: Barcelona Gedisa 2000
Izdaja:1a. ed
Serija:Biblioteca de Educación, 3
Teme:
Oznake: Označite
Brez oznak, prvi označite!

MARC

LEADER 00000cam a2200000 a 4500
001 UCH7861
003 CL-VaPUC
008 091126e20000000SP |||||||||||||||||spa|d
020 |a 9788474327243 
082 0 4 |a 808  |b WAL  |2 21 
100 0 |a Walker, Melissa  |e author  |9 544246 
245 1 0 |a Cómo escribir trabajos de investigación 
250 |a 1a. ed 
300 |a 473 p 
942 |c BK 
945 |d 20091126 00:00:00  |a cmena 
260 |a Barcelona  |b Gedisa  |c 2000 
650 7 |a TRABAJOS DE INVESTIGACION  |2 CL-VaPUC  |9 469747 
650 7 |a REDACCION DE INFORMES  |2 CL-VaPUC  |9 544247 
650 0 |a Retórica   |9 266620 
650 0 |a Gestión de la información   |9 362327 
650 0 |a Búsqueda de información   |9 473062 
583 |a last modification  |c 20130704 02:32:57  |k Rodrigo Vera 
490 0 |a Biblioteca de Educación, 3 
999 |c 338207  |d 338205 
952 |0 0  |1 0  |4 0  |6 808_000000000000000_WAL_2000  |7 0  |8 C  |9 431090  |a BIBCUR  |b BIBCUR  |d 2019-11-22  |i 4556356  |o 808 WAL 2000  |p 4556356  |r 2025-04-22  |w 2019-11-22  |y BK  |k CAC